| 000 | 00701nam a22002537a 4500 | ||
|---|---|---|---|
| 005 | 20170124110039.0 | ||
| 010 | _aA-650833 | ||
| 020 | _c00.00 | ||
| 035 | _aA-650833 | ||
| 037 | _bCen Lib/Ret | ||
| 040 |
_aDPL _bEN |
||
| 082 |
_a882.08 _bSIN |
||
| 100 |
_aSingh, P.K. _913307 |
||
| 245 |
_aRealism in the romances of shakespear / _cby P.K. Singh |
||
| 260 |
_aCalcutta _bWriters workshop publishers _c1993 |
||
| 270 | _bCalcutta | ||
| 300 |
_a113p. _c21cm(Hb) |
||
| 500 | _aIncludes bibliographical references | ||
| 650 |
_aGreek literature _923441 |
||
| 650 |
_aGreek fiction _923442 |
||
| 700 |
_a _923405 |
||
| 700 | _923406 | ||
| 942 |
_2ddc _cEN _h882.08 _mSIN |
||
| 999 |
_c128450 _d128450 |
||